Cartoon network characters Quiz Stats

 Plays Quiz not verified by Sporcle

Support Sporcle.
Go Orange.
Score 0/131 Timer 12:00
0 Plays Today
% Correct
ben
86.4%
gwen
70.2%
gwen
70.2%
rigby
63.3%
johnny
59.5%
robin
59%
robin
58.9%
tom
58.8%
scooby
58.6%
jerry
58.2%
ed
57.4%
jake
56%
jake
56%
batman
54.8%
edd
54.3%
finn
54%
eddy
53.7%
dexter
53.5%
shaggy
53.2%
benson
52.7%
lazlo
51%
skips
50.2%
courage
50.1%
cow
50.1%
pops
49.9%
ash
49.9%
chicken
49.7%
chowder
49.2%
billy
48.9%
mandy
48.9%
bubbles
48.5%
buttercup
47.8%
superman
47.5%
velma
47.2%
raven
47%
beast boy
46.9%
owen
46.1%
starfire
45.8%
cyborg
45.6%
jack
45.2%
naruto
44.8%
blossom
44.3%
jhonny
41.8%
heather
41.8%
% Correct
flapjack
41.6%
pikachu
41.1%
grim
41.1%
duncan
40.7%
kevin
40.5%
muscle man
40.4%
dee dee
38%
daphne
36.2%
izzy
32.8%
chris
32.8%
princess bubblegum
32.6%
trent
31.8%
joker
31.8%
cody
31.3%
dj
31.2%
courtney
31.1%
max
31.1%
brock
31%
harold
30.8%
chef
30.7%
bloo
30.6%
weasel
30.5%
noah
30.4%
freddy
30.2%
lindsay
29.9%
susan
29.9%
beth
29.7%
eva
29.4%
mary
29.4%
mac
29%
tyler
28.9%
katie
28.4%
number 1
28.3%
bridgette
28.2%
sadie
28%
number 2
28%
number 3
27.9%
number 4
27.9%
number 5
27.6%
leshawna
26.3%
justin
26%
dukey
24.7%
mojo jo jo
24.4%
jeff
23.2%
% Correct
adam
23%
mordicai
21.2%
margaret
19.3%
raj
18.7%
nacho bear
18%
alfred
17.8%
wilt
17.8%
may
17.6%
sarah
16.8%
jimmy
16%
truffles
15.8%
clam
15.6%
edward
15.2%
bling bling boy
14.7%
dawn
14.1%
panini
12.3%
baboon
12.2%
gil
11.1%
mung dal
10.9%
bubby
10.9%
knuckles
10.9%
hi-5 ghost
9.8%
shnitzel
7.4%
lumpy space princess
7.3%
endive
7.1%
edwardo
7.1%
lex luther
6.8%
erwin
6.1%
rodney
5.7%
scout master lumpus
5.6%
cocoa
5.3%
ezei
5%
samson
4.7%
andy
4.6%
raccoon
3.8%
puddin
2.5%
the dumb beatles
2.3%
leon
2%
sally
1.7%
gazpocho
1.3%
salty mike
1.3%
pepermint larry
1.1%
slippery pete
0.8%

You're not logged in!

Compare scores with friends on all Sporcle quizzes.
OR
Log In

From the Vault

Ultimate Geography Challenge 'F'

by micron2

The letter F may have few appearances, but it's still fashionable in some places.
Remove Ads.
Support Sporcle.
Get the best of Sporcle when you Go Orange. This ad-free experience offers more features, more stats, and more fun while also helping to support Sporcle. Thank you for becoming a member.

Show Comments

Extras

Top Quizzes Today


Score Distribution

Your Account Isn't Verified!

In order to create a playlist on Sporcle, you need to verify the email address you used during registration. Go to your Sporcle Settings to finish the process.

Report this User

Report this user for behavior that violates our Community Guidelines.

Details: